| 000 | 00467nam a2200157Ia 4500 | ||
|---|---|---|---|
| 008 | 231217s9999 xx 000 0 und d | ||
| 041 | _aEnglish | ||
| 082 | _a621.385 DOU;1 R | ||
| 100 | _aDouskalis, Bill | ||
| 245 | 0 | _aIP telephony : the integration od robust VOIP services | |
| 260 |
_c2000 _bPearson Education (Singapore) _aNew Delhi |
||
| 300 | _axxi+331 | ||
| 300 | _cCD1309 | ||
| 650 | _aIP,telephony,:,integration,od,robust,VOIP,services | ||
| 942 | _cAA | ||
| 999 |
_c171654 _d171654 |
||